000 00666nam a2200217Ia 4500
003 GCL
008 140319s9999 xx 000 0 ara d
040 _aGCL /
_cGCL
082 0 4 _a576.1
_bو م
100 1 _aولكنسون, ج. ف.
245 1 0 _aمقدمة فى علم الميكروسولوجيا /
_cولكنسون, ج. ف.
700 1 _aنبيل ابراهيم حجازى
700 1 _aعبدالوهاب محمد عبدالحافظ
260 _a[S.N] :
_bدار المريخ للنشر ،
_c1989
300 _a208 ص
490 _a
650 0 4 _aالعلم
650 0 4 _aالاحياء
650 0 4 _aالاحياء الدقيقة
942 _2ddc
_cBK
999 _c30795
_d30795